Top 25 Character Mentions Harry Potter Goblet of Fire - Statistics

General Stats
  • This quiz has been taken 888 times
  • The average score is 21 of 25
Answer Stats
Number of Mentions Answer % Correct
3310 Harry Potter
100%
882 Hermione Granger
100%
1054 Ron Weasley
100%
602 Albus Dumbledore
98%
293 Cedric Diggory
95%
225 Viktor Krum
95%
191 Fred Weasley
92%
162 George Weasley
92%
271 Severus Snape
92%
325 Voldemort
92%
385 Alastor Moody
90%
106 Minerva McGonagall
90%
390 Rubeus Hagrid
90%
318 Barty Crouch Sr.
88%
118 Draco Malfoy
86%
223 Sirius Black
81%
281 Arthur Weasley
80%
160 Igor Karkaroff
80%
163 Molly Weasley
77%
142 Peter Pettigrew
77%
170 Dobby
69%
111 Percy Weasley
69%
242 Ludo Bagman
66%
105 Rita Skeeter
55%
150 Winky
50%
No matching quizzes found
Score Distribution
Percent of People with Each Score
Percentile by Number Answered
Your Score History
You have not taken this quiz